000 00450nam a22001577a 4500
003 OSt
005 20150910140731.0
008 150910b xxu||||| |||| 00| 0 eng d
040 _cRUA
082 _aAGR ឡោ 1994 B010 Or.1
100 _9236
_aឡោ ខុល
245 _aដំណាំសណ្តែកបាយនៅប្រទេសកម្ពូជា
260 _aPhnom Penh
_bRUA
_c1994
300 _a83p.
_bill.
_c29cm.
942 _2ddc
_cAGR
999 _c221
_d221